Loading...

MCSA/MCSE (Exam 70-215) Microsoft Windows 2000 Server /

Bibliographic Details
Format: Printed Book
Language:English
Published: New Delhi: Prentice Hall, 2004.
Edition:1
Subjects:
LEADER 00656cam a2200217ua 4500
008 060815t2004||||||||||| 001 ||eng c
020 |a 81-203-1826-9 
041 0 |a eng 
082 |a 005.432 W  |b  SHE/W 
245 0 0 |a MCSA/MCSE (Exam 70-215) Microsoft Windows 2000 Server /  
250 |a 1 
260 |a New Delhi:  |b Prentice Hall,  |c 2004. 
300 |a lxiv, 1321p.. 
362 1 |a 2004. 
365 |a Rs.425/-  |e PB 
500 |a Includes index. 
504 |a . 
650 0 |a Computer science 
942 |c BK 
999 |c 11674  |d 11674 
952 |0 0  |1 0  |4 0  |6 005_432000000000000_W_SHE  |7 0  |9 12169  |a KUCL  |b KUCL  |d 2014-05-23  |l 0  |o 005.432 W SHE/  |p 13551  |r 2014-05-23  |w 2014-05-23  |y BK